Fragen aus der Wissenschaft - Buchstabe U - Statistiken

Allgemein
  • Dieses Quiz wurde 114 mal gespielt
  • Das Durchschnittsergebnis liegt bei 12 aus 20
Antwortstatistiken
Hinweis Antwort % Korrekt
Siebter Planet unseres Sonnensystems Uranus
100%
Bildungseinrichtung mit Promotionsrecht Universität
95%
Begriff in der Mathematk, Zeichen: ∞ Unendlichkeit
91%
Theorie zum Anfang von Raum, Zeit und Materie Urknall
89%
Teilgebiet der Medizin; u.a. Erkrankungen der Harnwege, Nieren, Prostata Urologie
87%
Bahn eines Körpers um ein Zentrum Umlaufbahn
86%
Medizinischer Begriff für die Gebärmutter Uterus
78%
Ausscheidungsprodukt der Nieren bei Wirbeltieren Urin
77%
Entwurf einer fiktiven, idealistischen Gesellschaftsordnung Utopie
69%
Sehr weit zurückliegende, aber unspezifische Phase der Erdgeschichte Urzeit
63%
Begrenzung einer Fläche oder eines Körpers Umfang
58%
Gesamter für ein Lebewesen wahrnehmbarer Lebensraum Umwelt
54%
Systematische Erkundung oder Analyse in den Wissenschaften Untersuchung
48%
Zentraler Bestandteil des Gangmechanismus in mechanischen Uhren Unruh
39%
Elektromagnetische Wellen im Bereich von 30 bis 300 MHz Ultrakurzwelle
32%
Ort und Impuls eines Atoms können nicht beliebig genau bestimmt werden Unschärferelation
26%
Universell einsetzbares, leistungsfähiges Betriebssystem (Ursprung: 1969) UNIX
21%
Eine der vier Nukleobasen der Ribonukleinsäure (RNA) Uracil
18%
Ethik - Handlungen sollen den größtmöglichen Nutzen haben Utilitarismus
18%
Allgegenwärtiges Vorkommen eines Stoffes oder Phänomens Ubiquität
7%
Keine übereinstimmenden Quizze gefunden
Verteilung der Resultate
Anzahl Personen mit jedem Resultat
Perzentil nach korrekt beantworteten Fragen
Ihre Resultats-Entwicklung
Sie haben dieses Quiz noch nicht gespielt